| 000 | 01169cam a2200337 a 4500 | ||
|---|---|---|---|
| 001 | 4905119 | ||
| 005 | 20250725112514.0 | ||
| 008 | 940225s1994 nyu 000 1 eng | ||
| 010 | _a 94008762 | ||
| 020 |
_a0671867083 : _c$23.50 ($29.50 Can.) |
||
| 020 | _a9780671867089 | ||
| 035 | _a4905119 | ||
| 040 |
_aDLC _cDLC _dDLC |
||
| 043 | _an-us-ma | ||
| 050 | 0 | 0 |
_aPS3553.L287 _bR46 1994 |
| 082 | 0 | 0 |
_a813/.54 _220 |
| 100 | 1 |
_aClark, Mary Higgins. _911983 |
|
| 245 | 1 | 0 |
_aRemember me / _cMary Higgins Clark. |
| 260 |
_aNew York : _bSimon & Schuster, _cc1994. |
||
| 300 |
_a306 p. ; _c25 cm. |
||
| 336 |
_atext _btxt _2rdacontent |
||
| 337 |
_aunmediated _bn _2rdamedia |
||
| 338 |
_avolume _bnc _2rdacarrier |
||
| 650 | 0 |
_aMarried people _xFiction. _9130136 |
|
| 651 | 0 |
_aCape Cod (Mass.) _xFiction. _9130137 |
|
| 655 | 7 |
_aDetective and mystery stories. _2gsafd |
|
| 906 |
_a7 _bcbc _corignew _d1 _eocip _f19 _gy-gencatlg |
||
| 942 |
_2ddc _cBK |
||
| 999 |
_c614472 _d614472 |
||